Madrid (Record no. 188059)
[ view plain ]
| 000 -LEADER | |
|---|---|
| campo de control de longitud fija | 00674nam a2200181 i 4500 |
| 001 - NÚMERO DE CONTROL | |
| campo de control | 188059 |
| 003 - IDENTIFICADOR DE NÚMERO DE CONTROL | |
| campo de control | SpMaBN |
| 005 - FECHA Y HORA DE LA ÚLTIMA TRANSACCIÓN | |
| campo de control | 20250822063239.0 |
| 008 - DATOS DE LONGITUD FIJA--INFORMACIÓN GENERAL | |
| campo de control de longitud fija | 180420s1933 sp |||| | cat d |
| 080 ## - NÚMERO DE LA CLASIFICACIÓN DECIMAL UNIVERSAL | |
| Número de la Clasificación Decimal Universal | 94(460.27 M.)"1931/39"(093.3) |
| 100 1# - ENTRADA PRINCIPAL--NOMBRE DE PERSONA | |
| Nombre de persona | Pla, Josep, |
| Fechas asociadas al nombre | 1897-1981 |
| 9 (RLIN) | 164614 |
| 245 10 - MENCIÓN DEL TÍTULO | |
| Título | Madrid |
| Resto del título | : l'adveniment de la República / |
| Mención de responsabilidad, etc. | Josep Pla. |
| 260 ## - PUBLICACIÓN, DISTRIBUCIÓN, ETC. | |
| Lugar de publicación, distribución, etc. | Barcelona : |
| Nombre del editor, distribuidor, etc. | Biblioteca Catalana D'Autors Independents, |
| Fecha de publicación, distribución, etc. | 1933. |
| 300 ## - DESCRIPCIÓN FÍSICA | |
| Extensión | 197 p. ; |
| Dimensiones | 18 cm. |
| 651 #4 - PUNTO DE ACCESO ADICIONAL DE MATERIA--NOMBRE GEOGRÁFICO | |
| Nombre geográfico | Madrid- |
| Subdivisión general | Historia- |
| Subdivisión cronológica | 1931-1939- |
| Subdivisión de forma | Relatos personales. |
| 9 (RLIN) | 164668 |
| 852 ## - LOCALIZACIÓN | |
| Ubicación | ES-MaACL |
| Número de control de estantería | L-31939 |
| Nota libre | . - Donat. herederos de la bibl. de Mª del Pilar Costa Palacín |
| Estatus retirado | Estado de pérdida | Estado de daño | No para préstamo | Biblioteca de origen | Biblioteca actual | Ubicación en estantería | Fecha de adquisición | Fuente de adquisición | Total de préstamos | Signatura topográfica completa | Código de barras | Visto por última vez | Precio de reemplazo | Tipo de ítem Koha |
|---|---|---|---|---|---|---|---|---|---|---|---|---|---|---|
| Biblioteca del Ateneo de Madrid | Biblioteca del Ateneo de Madrid | Depósito 2 | 20/04/2018 | L-31939 | 1198748 | 23/02/2023 | 23/02/2023 | Libro impreso |
